Manual de tratamiento de aguas negras /

保存先:
書誌詳細
フォーマット: 図書
言語:スペイン語
出版事項: México : Limusa, 1980
主題:
タグ: タグ追加
タグなし, このレコードへの初めてのタグを付けませんか!

MARC

LEADER 00000nam^a2200000^a^4500
001 000006133
005 20250521000000.0
009 20260310083414.719
020 |a 968-18-0464-3 
037 |a Acervo ITESO - Biblioteca 
041 |a ESP 
082 |a 628. 3  |b DEP 
245 1 0 |a Manual de tratamiento de aguas negras / 
264 1 |a México :  |b Limusa,  |c 1980 
300 |a 303 p. 
336 |a texto  |b txt  |2 rdacontenido 
337 |a sin mediación  |b n  |2 rdamedio 
338 |a volumen  |b nc  |2 rdasoporte 
500 |a Traducción de: Manual of Instruction for Sewage Treatment Plant Operators 
649 |a XX 
650 |a Aguas Residuales -  |x Tratamiento y Reciclaje 
650 |a Ingeniería Sanitaria 
910 |a Fondo General 
920 |a Impresos - Libros 
930 |a Colección General 
905 |a 101 
901 |a 0500191905  |b IT1  |c ACC  |i C125986  |u 20250521 
902 |a https://opac.biblio.iteso.mx/vufind/Record/000006133